Literatura y educacion : encuesta /

Guardado en:
Autor Principal: Lazaro Carreter, Fernando
Formato: Libro
Publicado: Madrid : Castalia, 1974
Materias:
Etiquetas: Agregar Etiqueta
Sin Etiquetas, Sea el primero en etiquetar este registro!
LEADER 00483nam a22001575a 4500
001 EHU.bham006830
003 AR-BHAM
005 20090702144325.0
008 130507s1974##################000#0#####d
082 8 0 |a 807 
100 1 |a Lazaro Carreter, Fernando 
245 1 0 |a Literatura y educacion :  |b encuesta /  |c Fernando Lazaro Carreter. 
260 |a Madrid :  |b Castalia,  |c 1974 
300 |a 339 p. 
653 |a Literatura-enseÑanza de la 
859 |a AR-BHAM  |b BIB. HUMANIDADES - General  |h 807  |i L456  |p 246.86  |t Ej.1